| 000 | 00774cam a2200193 4500 | ||
|---|---|---|---|
| 001 | ##L132568 | ||
| 008 | 060217n1956 000 0 eng u | ||
| 035 | _a(Sirsi) u132568 | ||
| 041 | 0 | _aeng | |
| 050 | 0 | 4 | _a333.0062 $2 18 |
| 110 | 2 | _aValuers Institution | |
| 245 | 0 | 0 | _a[Schedules of accommodation, memorandums and professional practice list] |
| 260 |
_a[S.l.] _b[s.n.] _c1956 |
||
| 300 |
_a3 leaves _c34cm. |
||
| 505 | 0 | _a30071937: Schedule of accomodation and other relevant material - Memorandum and articles of association - Professional practice committee, 16th May 1956 | |
| 505 | 0 | _a30071936: Schedule of accomodation and other relevant material - Memorandum and articles of association | |
| 690 | _aPROPERTY-PROPERTY VALUATION AND APPRAISAL | ||
| 942 | _n0 | ||
| 999 |
_c105189 _d105189 |
||